Handbook for trainers in trade promotion.
| Corporate Author: | |
|---|---|
| Format: | Book |
| Published: |
Geneva:
International Trade Centre UNCTAD/GATT,
1993.
|
| Subjects: |
| LEADER | 00514cam a2200157 7i4500 | ||
|---|---|---|---|
| 001 | 0000003059 | ||
| 005 | 19991025090000.0 | ||
| 002 | ##000004392 | ||
| 020 | 0 | 0 | |a T000004073 |
| 090 | 0 | 0 | |a B 382 |b HAN |
| 245 | 1 | 0 | |a Handbook for trainers in trade promotion. |
| 260 | 0 | 0 | |a Geneva: |b International Trade Centre UNCTAD/GATT, |c 1993. |
| 300 | 0 | 0 | |a 128 p.. |
| 650 | 0 | 0 | |a Foreign trade promotion -- |x Handbooks, manuals, etc |
| 710 | 0 | 0 | |a International Trade Centre UNCTAD/GATT |
| 999 | |a 0000004684 |b Book |c Open shelf |e Business Information Centre | ||